• 首页
  • 本馆介绍
  • 公告通知
  • 最新文献
  • 馆藏检索
  • 电子资源
  • 读者导购
  • 参考咨询
  • 我的图书馆
  • 登录
  • 详细信息显示
  • 放入我的书架
  • 预约/预借图书
  • 作者相关作品
  • 分类相关作品
  • 丛书相关作品
  • 出版社相关作品

书目信息

  • 表格格式
  • 工作单格式
  • 卡片格式
题名:
八卦掌入门
    
 
作者: 贾树森 编著
分册:  
出版信息: 北京   人民体育出版社  2006
页数: 221页
开本: 21cm
丛书名:
单 册:
中图分类: G852.16
科图分类:
主题词: 八卦掌--基本知识 , 八卦掌 , 基本知识
电子资源:
ISBN: 978-7-5009-2937-6
000 00662nam0 2200241 45
001 1130664062
005 20110310094921.76
010    @a978-7-5009-2937-6@dCNY17.00
100    @a20110122e20072006ekmy0chiy0120 ea
101 0  @achi
102    @aCN@b110000
105    @ay z 000yy
106    @ar
200 1  @a八卦掌入门@ABa Gua Zhang Ru Men@f贾树森编著@FJia Shu Sen Bian Zhu
210    @a北京@c人民体育出版社@d2006@h2007
215    @a221页@d21cm
606 0  @a八卦掌@x基本知识
606 0  @a八卦掌
606 0  @a基本知识
690    @aG852.16@v4
701  0 @a贾树森@AJia Shu Sen@4编著
801  0 @aCN@bTANGWEI@c20110310
905    @b0530986-89@dG852.16@e197@f4
    
    八卦掌入门/贾树森编著.-北京:人民体育出版社,2006(2007)
    221页;21cm
    
    
    ISBN 978-7-5009-2937-6:CNY17.00
    
●
相关链接 在E读中查询图书 在五车中查询图书 在当当中查询图书 在豆瓣中查询图书


正题名:八卦掌入门     索取号:G852.16/197         预约/预借

序号 登录号 条形码 馆藏地/架位号 状态 备注
1 0530986   205309860   第一样本阅览室/ [索取号:G852.16/197] 在馆    
2 0530987   205309879   第四借阅区/ [索取号:G852.16/197] 在馆    
3 0530988   205309888   第四借阅区/ [索取号:G852.16/197] 在馆    
4 0530989   205309897   密集书库-体育系/ [索取号:G852.16/197] 在馆    
唐山师范学院图书馆 欢迎您!
大连网信软件有限公司© 版权所有